Regions of Assassin's Creed Valhalla - Statistics

General Stats
  • This quiz has been taken 22 times
  • The average score is 18 of 35
Answer Stats
Hint Answer % Correct
England Lunden
100%
England Jorvik
93%
England East Anglia
86%
England Essexe
86%
France Paris
86%
England Cent
79%
England Wincestre
79%
Ireland Dublin
71%
England Grantebridgescire
71%
England Hamtunscire
71%
Scotland Isle of Skye
71%
England Suthsexe
71%
Realms Asgard
64%
England Eurvicscire
64%
England Glowecestrescire
64%
England Lincolnscire
64%
England Oxenefordscire
64%
North America Vinland
64%
Realms Jotunheim
57%
England Ledecestrescire
57%
England Ravensthorpe
57%
England Sciropescire
57%
England Snotinghamscire
57%
Ireland Ulster
43%
Ireland Meath
29%
Norway Rygjafylke
29%
Ireland Connacht
21%
France Amienois
14%
Norway Hordafylke
14%
France Melunois
14%
France Evresin
7%
Svartalfheim Eitri
0%
Svartalfheim Gullnamar
0%
Svartalfheim Svaladal
0%
Svartalfheim Vangrinn
0%
No matching quizzes found
Score Distribution
Percent of People with Each Score
Percentile by Number Answered
Your Score History
You have not taken this quiz